[Event "Nizhnij Tagil City-ch"]
[Site "Nizhnij Tagil"]
[Date "2007.12.23"]
[Round "13"]
[White "Petrov, Yury"]
[Black "Uteshin, Dmitry"]
[Result "1/2-1/2"]
[WhiteElo "2090"]
[BlackElo "2098"]
[PlyCount "23"]
[EventDate "2007.11.26"]
[EventType "tourn"]
[EventRounds "13"]
[EventCountry "RUS"]
[SourceTitle "EXT 2009"]
[Source "ChessBase"]
[SourceDate "2008.11.26"]
[SourceVersion "1"]
[SourceVersionDate "2008.11.26"]
[SourceQuality "1"]

1. e4 d6 2. d4 Nf6 3. Nc3 g6 4. Nf3 Bg7 5. Bc4 0-0 6. Qe2 c6 7. e5 Nd5 8. Bd2 Nxc3 9. Bxc3 d5 10. Bd3 f6 11. 0-0 Bg4 12. exf6 1/2-1/2

[Event "Nizhnij Tagil City-ch"]
[Site "Nizhnij Tagil"]
[Date "2007.12.17"]
[Round "11"]
[White "Petrov, Yury"]
[Black "Balberov, Alexander"]
[Result "1/2-1/2"]
[WhiteElo "2090"]
[BlackElo "2400"]
[PlyCount "90"]
[EventDate "2007.11.26"]
[EventType "tourn"]
[EventRounds "13"]
[EventCountry "RUS"]
[SourceTitle "EXT 2009"]
[Source "ChessBase"]
[SourceDate "2008.11.26"]
[SourceVersion "1"]
[SourceVersionDate "2008.11.26"]
[SourceQuality "1"]

1. e4 c5 2. Nf3 e6 3. c4 Nf6 4. Nc3 d6 5. d4 cxd4 6. Nxd4 Be7 7. Be2 0-0 8. 0-0 a6 9. Be3 Qc7 10. Rc1 b6 11. f3 Bb7 12. Qe1 Nbd7 13. Qf2 Rac8 14. Rc2 Qb8 15. Rfc1 Rfe8 16. Bf1 Bd8 17. b3 Ne5 18. Na4 Nfd7 19. Nb2 Bc7 20. Ne2 d5 21. cxd5 exd5 22. exd5 Bxd5 23. Ng3 b5 24. Kh1 g6 25. Nd3 Nxd3 26. Bxd3 Be5 27. Rxc8 Rxc8 28. Rxc8+ Qxc8 29. Qc2 Qd8 30. Be4 Be6 31. f4 Bg7 32. f5 gxf5 33. Nxf5 Bxf5 34. Bxf5 Nf8 35. g3 Qd5+ 36. Be4 Qe5 37. Bf4 Qd4 38. a4 bxa4 39. bxa4 h5 40. h4 Be5 41. Bxe5 Qxe5 42. Kg2 Ne6 43. Qe2 Kg7 44. Bf3 Qxe2+ 45. Bxe2 Nc5 1/2-1/2

[Event "Nizhnij Tagil City-ch"]
[Site "Nizhnij Tagil"]
[Date "2007.12.12"]
[Round "9"]
[White "Petrov, Yury"]
[Black "Sufiev, Rinat"]
[Result "0-1"]
[WhiteElo "2090"]
[BlackElo "2183"]
[PlyCount "58"]
[EventDate "2007.11.26"]
[EventType "tourn"]
[EventRounds "13"]
[EventCountry "RUS"]
[SourceTitle "EXT 2009"]
[Source "ChessBase"]
[SourceDate "2008.11.26"]
[SourceVersion "1"]
[SourceVersionDate "2008.11.26"]
[SourceQuality "1"]

1. e4 c6 2. d4 d5 3. exd5 cxd5 4. Bd3 Nc6 5. c3 Nf6 6. Bg5 Ne4 7. Bxe4 dxe4 8. Nd2 Qd5 9. f4 h6 10. Bh4 g5 11. fxg5 hxg5 12. Bg3 f5 13. Bf2 f4 14. c4 Qa5 15. d5 Ne5 16. Bd4 Bg7 17. Bxe5 Bxe5 18. Kf1 Bf5 19. Nb3 Qb4 20. Qc2 Rc8 21. Rc1 g4 22. Ne2 g3 23. Ned4 Rxh2 24. Rg1 Bh7 25. Qe2 f3 26. Nxf3 exf3 27. Qxf3 Rh4 28. Re1 Qxc4+ 29. Qd3 Rf4+ 0-1

[Event "Nizhnij Tagil City-ch"]
[Site "Nizhnij Tagil"]
[Date "2007.12.10"]
[Round "8"]
[White "Beljakov, Igor"]
[Black "Petrov, Yury"]
[Result "1/2-1/2"]
[WhiteElo "2245"]
[BlackElo "2090"]
[PlyCount "67"]
[EventDate "2007.11.26"]
[EventType "tourn"]
[EventRounds "13"]
[EventCountry "RUS"]
[SourceTitle "EXT 2009"]
[Source "ChessBase"]
[SourceDate "2008.11.26"]
[SourceVersion "1"]
[SourceVersionDate "2008.11.26"]
[SourceQuality "1"]

1. e4 c6 2. d4 d5 3. Nc3 dxe4 4. Nxe4 Bf5 5. Ng3 Bg6 6. Nf3 Nd7 7. Bd3 Bxd3 8. Qxd3 Qc7 9. 0-0 e6 10. b3 Ngf6 11. c4 Bd6 12. Bb2 0-0 13. Rfe1 Rad8 14. Ng5 Bf4 15. N5e4 Nxe4 16. Qxe4 Nf6 17. Qf3 Rfe8 18. Rad1 e5 19. Ne2 g5 20. g3 e4 21. Qc3 e3 22. f3 Bd6 23. Qd3 Nh5 24. Kg2 h6 25. Bc1 Bb4 26. Rf1 Qe7 27. h4 g4 28. fxg4 Nf6 29. g5 Ng4 30. Qf5 Nf2 31. gxh6 Qe4+ 32. Qf3 Nxd1 33. Rxd1 Kh7 34. Bxe3 1/2-1/2

[Event "Nizhnij Tagil City-ch"]
[Site "Nizhnij Tagil"]
[Date "2007.11.30"]
[Round "4"]
[White "Petrov, Yury"]
[Black "Komissarov, Vladimir"]
[Result "0-1"]
[WhiteElo "2090"]
[BlackElo "2246"]
[PlyCount "54"]
[EventDate "2007.11.26"]
[EventType "tourn"]
[EventRounds "13"]
[EventCountry "RUS"]
[SourceTitle "EXT 2009"]
[Source "ChessBase"]
[SourceDate "2008.11.26"]
[SourceVersion "1"]
[SourceVersionDate "2008.11.26"]
[SourceQuality "1"]

1. e4 d6 2. d4 Nf6 3. Nc3 g6 4. Be3 Bg7 5. Qd2 0-0 6. f3 c6 7. a4 Qa5 8. Bc4 b5 9. Bb3 b4 10. Nce2 Nbd7 11. c3 Rb8 12. c4 e5 13. d5 cxd5 14. cxd5 Ba6 15. Ng3 Nc5 16. Bc2 Bc4 17. N1e2 Nfd7 18. Nc1 f5 19. exf5 e4 20. Bd4 e3 21. Bxe3 Bxb2 22. Bd4 Nd3+ 23. Bxd3 Bxd4 24. Ne4 Bxd3 25. Nb3 Qxd5 26. Nxd4 Qxd4 27. Rd1 gxf5 0-1

[Event "Nizhnij Tagil-ch"]
[Site "Nizhnij Tagil"]
[Date "2006.12.??"]
[Round "3"]
[White "Dashevsky, Sergey"]
[Black "Petrov, Yury"]
[Result "1-0"]
[WhiteElo "2296"]
[BlackElo "2100"]
[PlyCount "97"]
[EventDate "2006.12.07"]
[EventType "swiss"]
[EventRounds "13"]
[EventCountry "RUS"]
[SourceTitle "EXT 2008"]
[Source "ChessBase"]
[SourceDate "2007.11.25"]
[SourceVersion "1"]
[SourceVersionDate "2007.11.25"]
[SourceQuality "1"]

1. d4 d5 2. Nf3 c6 3. c4 e6 4. Nc3 Nf6 5. Bg5 Be7 6. e3 0-0 7. cxd5 exd5 8. Bd3 Bg4 9. Qc2 Nbd7 10. Ne5 h6 11. Bxf6 Nxf6 12. h3 Be6 13. 0-0-0 Qa5 14. f4 Rfc8 15. f5 Bd7 16. Kb1 b5 17. Rc1 Be8 18. Qd2 c5 19. Ne4 Qxd2 20. Nxd2 c4 21. Be2 Ne4 22. Nxe4 dxe4 23. h4 Bd6 24. Bg4 f6 25. Ng6 a5 26. Be2 Bf7 27. g4 Rab8 28. g5 Kh7 29. gxf6 gxf6 30. Rhg1 b4 31. Rg2 c3 32. Rcg1 Bxa2+ 33. Kxa2 c2 34. Kb3 c1Q 35. Rxc1 Rxc1 36. Rg4 Ra1 37. Rxe4 a4+ 38. Kc4 Rc1+ 39. Kd5 a3 40. bxa3 bxa3 41. Kxd6 a2 42. Re7+ Kg8 43. Bf3 Rd8+ 44. Ke6 a1Q 45. Kxf6 Rd6+ 46. Ke5 Rxg6 47. fxg6 Rg1 48. Bd5+ Kh8 49. Rh7# 1-0

[Event "Nizhnij Tagil-ch"]
[Site "Nizhnij Tagil"]
[Date "2006.12.??"]
[Round "8"]
[White "Petrov, Yury"]
[Black "Morozov, Vsevolod"]
[Result "1-0"]
[WhiteElo "2100"]
[BlackElo "2091"]
[PlyCount "101"]
[EventDate "2006.12.07"]
[EventType "swiss"]
[EventRounds "13"]
[EventCountry "RUS"]
[SourceTitle "EXT 2008"]
[Source "ChessBase"]
[SourceDate "2007.11.25"]
[SourceVersion "1"]
[SourceVersionDate "2007.11.25"]
[SourceQuality "1"]

1. d4 Nf6 2. Bf4 g6 3. Nc3 Bg7 4. e4 d6 5. Be2 c6 6. Qd2 0-0 7. a4 Qa5 8. f3 b5 9. g4 b4 10. Nd1 Ba6 11. Ne3 Bxe2 12. Nxe2 Nbd7 13. Nc4 Qa6 14. Qxb4 Rab8 15. Qc3 c5 16. Be3 cxd4 17. Bxd4 Rfc8 18. b3 Nb6 19. Qa5 Qxa5+ 20. Nxa5 Rxc2 21. Rc1 Rbc8 22. Rxc2 Rxc2 23. Kd1 Rc7 24. Kd2 e5 25. Be3 d5 26. g5 Nfd7 27. Rc1 Rxc1 28. Nxc1 f5 29. gxf6 Nxf6 30. Kd3 dxe4+ 31. fxe4 Nfd7 32. Nc6 a6 33. Nb4 a5 34. Nc6 g5 35. Nxa5 g4 36. Nc6 Kf7 37. a5 Na8 38. Ne2 Ke6 39. b4 Kd6 40. b5 Nc5+ 41. Bxc5+ Kxc5 42. Na7 h5 43. Nc1 h4 44. Kc3 Bf8 45. Nd3+ Kd6 46. b6 Nxb6 47. axb6 Kd7 48. Nxe5+ Kd8 49. Nec6+ Kd7 50. Ne5+ Kd8 51. Nac6+ 1-0

[Event "Nizhnij Tagil-ch"]
[Site "Nizhnij Tagil"]
[Date "2006.12.??"]
[Round "6"]
[White "Petrov, Yury"]
[Black "Uteshin, Dmitry"]
[Result "0-1"]
[WhiteElo "2100"]
[BlackElo "2109"]
[PlyCount "94"]
[EventDate "2006.12.07"]
[EventType "swiss"]
[EventRounds "13"]
[EventCountry "RUS"]
[SourceTitle "EXT 2008"]
[Source "ChessBase"]
[SourceDate "2007.11.25"]
[SourceVersion "1"]
[SourceVersionDate "2007.11.25"]
[SourceQuality "1"]

1. e4 g6 2. d4 Bg7 3. Be3 Nf6 4. f3 0-0 5. Qd2 d6 6. g4 e5 7. dxe5 dxe5 8. Qxd8 Rxd8 9. Bc4 Nc6 10. c3 Na5 11. Be2 Be6 12. Nd2 h5 13. h3 b5 14. b4 Nc4 15. Nxc4 bxc4 16. Rd1 Rxd1+ 17. Bxd1 a5 18. b5 a4 19. Rh2 a3 20. Rc2 Rb8 21. b6 cxb6 22. Rc1 Bf8 23. Rb1 Nd7 24. Ne2 Nc5 25. Ng3 hxg4 26. hxg4 Nd3+ 27. Kf1 b5 28. Ne2 Nb2 29. Bc2 b4 30. cxb4 Bxb4 31. Nc1 Kg7 32. Kg2 Rd8 33. Kg3 Bc3 34. Ne2 Bd4 35. Bd2 Bf2+ 36. Kxf2 Rxd2 37. Rc1 Nd3+ 38. Ke3 Rxe2+ 39. Kxe2 Nxc1+ 40. Kd2 Nxa2 41. Ba4 Nb4 42. Kc3 a2 43. Kb2 c3+ 44. Ka1 c2 45. Bxc2 Nxc2+ 46. Kb2 a1Q+ 47. Kxc2 Qa2+ 0-1

[Event "Nizhnij Tagil-ch"]
[Site "Nizhnij Tagil"]
[Date "2006.12.??"]
[Round "2"]
[White "Petrov, Yury"]
[Black "Vahrushev, Vladimir"]
[Result "0-1"]
[WhiteElo "2100"]
[BlackElo "2300"]
[PlyCount "58"]
[EventDate "2006.12.07"]
[EventType "swiss"]
[EventRounds "13"]
[EventCountry "RUS"]
[SourceTitle "EXT 2008"]
[Source "ChessBase"]
[SourceDate "2007.11.25"]
[SourceVersion "1"]
[SourceVersionDate "2007.11.25"]
[SourceQuality "1"]

1. d4 d6 2. e4 g6 3. Be3 Bg7 4. Nc3 c6 5. f3 b5 6. g4 Nd7 7. Qd2 Nb6 8. h4 h5 9. g5 Qc7 10. Bd3 e5 11. d5 b4 12. Nd1 Ne7 13. dxc6 0-0 14. Qxb4 Be6 15. Bxb6 axb6 16. Ne3 d5 17. exd5 Nxd5 18. Nxd5 Bxd5 19. Be4 Rfd8 20. Ne2 Bf8 21. Qc3 Ra4 22. a3 Bb4 23. Qxb4 Rxb4 24. axb4 Bxe4 25. fxe4 Qxc6 26. Nc3 Qc4 27. Ra4 b5 28. Ra5 Qd4 29. Kf1 Qd2 0-1

[Event "Nizhnij Tagil-ch"]
[Site "Nizhnij Tagil"]
[Date "2006.12.??"]
[Round "5"]
[White "Shestakov, Dmitry"]
[Black "Petrov, Yury"]
[Result "1-0"]
[WhiteElo "2264"]
[BlackElo "2100"]
[PlyCount "53"]
[EventDate "2006.12.07"]
[EventType "swiss"]
[EventRounds "13"]
[EventCountry "RUS"]
[SourceTitle "EXT 2008"]
[Source "ChessBase"]
[SourceDate "2007.11.25"]
[SourceVersion "1"]
[SourceVersionDate "2007.11.25"]
[SourceQuality "1"]

1. d4 d5 2. c4 c6 3. Nf3 Nf6 4. e3 Bg4 5. Nc3 e6 6. Qb3 Qb6 7. Bd2 Nbd7 8. c5 Qc7 9. Bd3 e5 10. h3 Be6 11. Ng5 e4 12. Nxe6 fxe6 13. Be2 Be7 14. 0-0 0-0 15. f3 exf3 16. Rxf3 b6 17. cxb6 axb6 18. e4 b5 19. exd5 exd5 20. Bd3 Nb6 21. Qc2 Nc4 22. Bg5 h6 23. Bxh6 gxh6 24. Bxc4 dxc4 25. Qg6+ Kh8 26. Raf1 Nh7 27. Rf7 1-0

[Event "Nizhnij Tagil-ch"]
[Site "Nizhnij Tagil"]
[Date "2006.12.??"]
[Round "11"]
[White "Yaschenko, Yury"]
[Black "Petrov, Yury"]
[Result "1-0"]
[WhiteElo "2079"]
[BlackElo "2100"]
[PlyCount "32"]
[EventDate "2006.12.07"]
[EventType "swiss"]
[EventRounds "13"]
[EventCountry "RUS"]
[SourceTitle "EXT 2008"]
[Source "ChessBase"]
[SourceDate "2007.11.25"]
[SourceVersion "1"]
[SourceVersionDate "2007.11.25"]
[SourceQuality "1"]

1. e4 c6 2. Nf3 d5 3. exd5 cxd5 4. d4 Bg4 5. h3 Bh5 6. Nc3 e6 7. g4 Bg6 8. Bd3 Nf6 9. Ne5 Nc6 10. Bf4 Rc8 11. a3 Qb6 12. Bxg6 hxg6 13. Be3 Nxg4 14. Qxg4 Qxb2 15. Kd2 Na5 16. Na4 Nb3+ 1-0